000 01355nam0a22003491 4500
001 v19\rc\1787310
005 20250619075047.0
035 _a(NLR Aleph) 004879714
090 _a5157657
_c5157657
100 _a20061204e19041904|||y0rusy50 ca
101 0 _arus
102 _aRU
105 _ay b |||||
200 1 _aVI Международный старокатолический конгресс
_fСвящ. Д. Якшич
210 _aСанкт-Петербург
_cтип. М. Меркушева
_d1904
215 _a11 с.
_d24
309 _aБез тит. л.
311 _aИзвлеч. из журн. "Церк. вестн." 1904 г.
488 0 _12001#$aЦерковный вестник$v1904
_tЦерковный вестник
532 1 1 _aШестой Международный старокатолический конгресс
700 1 _7ca
_8rus
_aЯкшич
_bД. Н.
_f1873-
_gДмитрий Николаевич
_9211970
_3RU\NLR\AUTH\770212026
712 1 2 _aМеждународный старокатолический конгресс
_d6
_f1904
_eОльтен
801 0 _aRU
_bNLR
_gpsbo
801 0 _aRU
_bRuMoRGB
_2psbo
801 1 _aRU
_bProSoft-M
_2rusmarc
852 _aNLR
_j34.48.5.984
899 _aRuMoRGB
_jM 105/293
899 _aБАН
899 _aНБ МГУ
942 _cBOOK
980 _aNB